000 00882nam a2200169 i 4500
001 182061
003 ES-MaACL
005 20230906221523.0
008 130528s1896 sp |||| | spa d
245 0 0 _aGeografía médica española :
_bdistrito de Navalcarnero : datos para su estudio médico climatológico /
_cpor la Asociación Médico-Farmacéutica.
260 _a[S.l.] :
_b[s.n.],
_c1896 (
_eMadrid :
_fEscuela Tip. del Hospicio)
300 _aXXXI, 286 p., [1] h. pleg. de mapa ;
_c26 cm.
650 4 _aGeografía médica-
_zNavalcarnero.
_9152804
710 2 _aAsociación Médico Farmacéutica del Distrito de Navalcarnero.
_9152805
852 _aES-MaACL
_jT-833-F-9
_z.- Donativo del Sr. Pozzi
_z.- Encuadernado en un vol. facticio
856 4 1 _uhttp://bibliotecadigitalhispanica.bne.es:80/webclient/DeliveryManager?pid=1832440&custom_att_2=simple_viewer
_zIr a la página
999 _c182061
_d182061